00501nam a22001337a 4500003000500000082000800005100002400013245013500037264003900172300002000211650003300231700004600264856005700310NUST a200 aLodhi, Aminah Bilal aPersonalized Lifestyle Recommendations for Chronic Kidney Disease Patients Based on Individual Test Results/c Aminah Bilal Lodhi, aIslamabad : bSEECS, NUST, c2023. a64 p. ;c30 cm. aMS- Science in Data Science  aSupervisor: Dr. Hafiz Syed Muhammad Bilal uhttp://10.250.8.41:8080/xmlui/handle/123456789/37715